[Event "Chicago op 25th"]
[Site "Chicago"]
[Date "2016.05.28"]
[Round "4"]
[White "Ludwig, John Gabriel"]
[Black "Whaley, Davis M"]
[Result "1-0"]
[WhiteElo "2348"]
[BlackElo "2212"]
[PlyCount "101"]
[EventDate "2016.05.26"]
[EventType "swiss"]
[EventRounds "9"]
[EventCountry "USA"]
[SourceTitle "CBM 172 Extra"]
[Source "ChessBase"]
[SourceDate "2016.06.21"]
[SourceVersion "1"]
[SourceVersionDate "2016.06.21"]
[SourceQuality "1"]

1. e4 c5 2. Nf3 a6 3. c3 e6 4. d4 d5 5. exd5 exd5 6. Be3 c4 7. Be2 Nc6 8. b3 b5 9. 0-0 Bd6 10. a4 Bf5 11. axb5 axb5 12. Rxa8 Qxa8 13. bxc4 bxc4 14. Nh4 Bd7 15. Bg4 Qc8 16. Bxd7+ Qxd7 17. Nd2 Nge7 18. Qh5 0-0 19. Re1 Ra8 20. Ndf3 f6 21. Bd2 Qe8 22. Qg4 Qc8 23. Qxc8+ Rxc8 24. g4 Kf7 25. Ng2 Ra8 26. h4 Ra2 27. h5 Ra3 28. g5 Rb3 29. Ngh4 Ba3 30. Kg2 Bb2 31. Re3 g6 32. gxf6 Kxf6 33. Kg3 Nf5+ 34. Nxf5 gxf5 35. h6 Ra3 36. Kf4 Ra7 37. Ng5 Re7 38. Rxe7 Nxe7 39. Nxh7+ Kg6 40. Nf8+ Kxh6 41. Ke5+ Kh5 42. Ke6 Kg4 43. Kxe7 Kf3 44. Ne6 Ke2 45. Be3 Bxc3 46. Kd6 Bd2 47. Nf4+ Kd1 48. Bxd2 Kxd2 49. Nxd5 f4 50. Ke5 Kd3 51. Nxf4+ 1-0

[Event "Chicago op 20th"]
[Site "Wheeling"]
[Date "2011.05.28"]
[Round "5"]
[White "Andrews, Todd D"]
[Black "Whaley, Davis M"]
[Result "1/2-1/2"]
[WhiteElo "2291"]
[BlackElo "2160"]
[PlyCount "90"]
[EventDate "2011.05.26"]
[EventType "swiss"]
[EventRounds "9"]
[EventCountry "USA"]
[SourceTitle "CBM 142 Extra"]
[Source "ChessBase"]
[SourceDate "2011.06.27"]
[SourceVersion "1"]
[SourceVersionDate "2011.06.27"]
[SourceQuality "1"]

1. e4 c5 2. Nf3 e6 3. d4 cxd4 4. Nxd4 a6 5. Nc3 b5 6. Bd3 Qc7 7. 0-0 Nf6 8. Re1 d6 9. Qf3 Be7 10. Qg3 0-0 11. Bh6 Ne8 12. Rad1 Bf6 13. Nf3 Kh8 14. Bf4 Bxc3 15. bxc3 e5 16. Nxe5 dxe5 17. Bxe5 Qb6 18. Bd4 Qg6 19. Qh4 Nc6 20. Bc5 Rg8 21. f4 Qf6 22. Qf2 Qxc3 23. e5 g6 24. Be4 Bb7 25. Rd7 Rb8 26. Rxf7 Nd8 27. Bd4 Qc4 28. e6+ Ng7 29. Rxg7 Rxg7 30. e7 Nc6 31. Bxg7+ Kxg7 32. Bxg6 hxg6 33. e8Q Rxe8 34. Rxe8 Qxa2 35. Qb6 Qf7 36. Re3 Kh7 37. Rh3+ Kg7 38. Qc5 Qf6 39. Rd3 Qxf4 40. Rd7+ Kh6 41. Rxb7 Nd4 42. Re7 Qc1+ 43. Kf2 Qd2+ 44. Kf1 Qd1+ 45. Kf2 Qd2+ 1/2-1/2